Wymień ustroje polityczne podanych państw - Statystyki

Ogólne statystyki
  • Ten quiz został rozwiązany 203 razy
  • Średni wynik to 5 z 14
Statystyki odpowiedzi
Państwa Ustrój % Poprawnych
Norwegia Monarchizm
77%
Laos Komunizm
66%
Kuba Komunizm
60%
Szwecja Monarchizm
56%
Algieria Demokracja
53%
Republika południowej afryki Demokracja
53%
Wietnam Komunizm
52%
Indonezja Demokracja
34%
Wielka brytania Monarchia konstytucyjna
29%
Haiti Republika
15%
Iran Teokracja
13%
Somalia Republika
9%
Kosowo Państwo unitarne
2%
Niger System semiprezydencki
2%
Nie znaleziono quizów pasujących do podanych kryteriów
Rozkład punktacji
Procent ludzi z każdym wynikiem
Percentyl według liczby udzielonych odpowiedzi
Twoja historia wyników
Nie rozwiązałeś tego quizu